[Event "IIFL Wealth  4th Mumbai Junior U-13"]
[Site "Mumbai"]
[Date "2019.01.06"]
[Round "8"]
[White "Haldankar Dhruv"]
[Black "Shrey Nilkant"]
[Result "1/2-1/2"]
[WhiteElo "1245"]
[BlackElo "1466"]
[Annotator "NA"]
[PlyCount "95"]
[EventDate "2018.12.30"]
[EventType "swiss"]
[EventCountry "IND"]
[SourceTitle "playchess.com"]
[Source "ChessBase"]
[SourceQuality "1"]
[TimeControl "40/5400+30:1800+30"]

1. e4 {[%emt 0:00:00]} e5 {[%emt 0:00:00]} 2. Nf3 {[%emt 0:00:00]} Nc6 {[%emt 0:00:03]} 3. Bc4 {[%emt 0:00:14]} Nf6 {[%emt 0:00:12]} 4. d3 {[%emt 0:00:27]} Be7 {[%emt 0:00:08]} 5. c3 {[%emt 0:02:05]} O-O {[%emt 0:00:19]} 6. O-O {[%emt 0:00:19]} d6 {[%emt 0:00:05]} 7. Nbd2 {[%emt 0:10:02]} Na5 {[%emt 0:00:16]} 8. b4 {[%emt 0:01:13]} Nxc4 {[%emt 0:01:51]} 9. Nxc4 {[%emt 0:00:20]} h6 {[%emt 0:01:41]} 10. h3 {[%emt 0:19:48]} Be6 {[%emt 0:07:57]} 11. Ne3 {[%emt 0:03:23]} c6 {[%emt 0:04:31]} 12. Re1 {[%emt 0:05:21]} Qc7 {[%emt 0:11:27]} 13. Nf1 {[%emt 0:07:51]} d5 {[%emt 0:06:14]} 14. exd5 {[%emt 0:10:19]} cxd5 {[%emt 0:02:17]} 15. Bb2 {[%emt 0:07:20]} Bd6 {[%emt 0:08:43]} 16. a3 {[%emt 0:09:40]} Rad8 {[%emt 0:21:30]} 17. Rc1 {[%emt 0:05:09]} a6 {[%emt 0:04:42]} 18. Qc2 {[%emt 0:01:37]} Bf5 {[%emt 0:09:39]} 19. Ne3 {[%emt 0:01:13]} Bh7 {[%emt 0:07:09]} 20. Red1 {[%emt 0:04:10]} b5 {[%emt 0:01:34]} 21. Qb3 {[%emt 0:01:30]} Rfe8 {[%emt 0:04:26]} 22. c4 {[%emt 0:01:18]} bxc4 {[%emt 0:00:38]} 23. dxc4 {[%emt 0:00:04]} d4 {[%emt 0:00:23]} 24. c5 {[%emt 0:00:09]} dxe3 {[%emt 0:00:25]} 25. cxd6 {[%emt 0:00:04]} exf2+ {[%emt 0:00:08]} 26. Kf1 {[%emt 0:00:49]} Qb6 {[%emt 0:01:15]} 27. Nxe5 {[%emt 0:00:47]} Rxe5 {[%emt 0:01:08]} 28. Bxe5 {[%emt 0:00:04]} Qb5+ {[%emt 0:00:05]} 29. Kxf2 {[%emt 0:00:09]} Qxe5 {[%emt 0:00:37]} 30. d7 {[%emt 0:00:34]} Rxd7 {[%emt 0:02:24]} 31. Rc8+ {[%emt 0:00:33]} Ne8 {[%emt 0:00:01]} 32. Qe3 {[%emt 0:05:15]} Qf5+ {[%emt 0:02:04]} 33. Ke2 {[%emt 0:00:40]} Rd2+ {[%emt 0:01:29]} 34. Qxd2 {[%emt 0:00:52]} Qxc8 {[%emt 0:00:05]} 35. Rc1 {[%emt 0:00:54]} Qe6+ {[%emt 0:00:13]} 36. Qe3 {[%emt 0:00:29]} Bf5 {[%emt 0:00:59]} 37. Qxe6 {[%emt 0:00:09]} Bxe6 {[%emt 0:00:28]} 38. g4 {[%emt 0:00:42]} Kf8 {[%emt 0:00:41]} 39. Kd3 {[%emt 0:00:31]} Ke7 {[%emt 0:00:11]} 40. a4 {[%emt 0:00:00]} Nd6 {[%emt 0:00:00]} 41. Kd4 {[%emt 0:01:11]} Bd7 {[%emt 0:02:27]} 42. Re1+ {[%emt 0:00:30]} Kd8 {[%emt 0:05:14]} 43. Kc5 {[%emt 0:00:47]} Nc8 {[%emt 0:03:32]} 44. b5 {[%emt 0:03:08]} axb5 {[%emt 0:04:29]} 45. axb5 {[%emt 0:00:08]} Kc7 {[%emt 0:00:04]} 46. Ra1 {[%emt 0:00:47]} Kb7 {[%emt 0:05:34]} 47. b6 {[%emt 0:00:49]} f5 {[%emt 0:01:34]} 48. Rd1 1/2-1/2

[Event "IIFL Wealth  4th Mumbai Junior U-13"]
[Site "Mumbai"]
[Date "2019.01.06"]
[Round "8"]
[White "Kinkhabwala Hrithik"]
[Black "Raghu Ram Reddy Seelam"]
[Result "0-1"]
[WhiteElo "1244"]
[BlackElo "1472"]
[Annotator "NA"]
[PlyCount "174"]
[EventDate "2018.12.30"]
[EventType "swiss"]
[EventCountry "IND"]
[SourceTitle "playchess.com"]
[Source "ChessBase"]
[SourceQuality "1"]
[TimeControl "40/5400+30:1800+30"]

1. e4 {[%emt 0:00:00]} e5 {[%emt 0:00:59]} 2. Nf3 {[%emt 0:00:00]} Nc6 {[%emt 0:00:08]} 3. Bc4 {[%emt 0:00:00]} Bc5 {[%emt 0:00:07]} 4. c3 {[%emt 0:00:00]} Nf6 {[%emt 0:01:10]} 5. d3 {[%emt 0:00:00]} a6 {[%emt 0:00:14]} 6. O-O {[%emt 0:00:00]} d6 {[%emt 0:01:52]} 7. d4 {[%emt 0:06:17]} Ba7 {[%emt 0:03:22]} 8. h3 {[%emt 0:13:22]} O-O {[%emt 0:11:39]} 9. Re1 {[%emt 0:02:03]} h6 {[%emt 0:00:43]} 10. Bb3 {[%emt 0:06:44]} Re8 {[%emt 0:01:46]} 11. Bc2 {[%emt 0:01:07]} Bb6 {[%emt 0:09:07]} 12. Na3 {[%emt 0:04:40]} Ba7 {[%emt 0:08:10]} 13. dxe5 {[%emt 0:02:15]} dxe5 {[%emt 0:00:27]} 14. Qxd8 {[%emt 0:00:43]} Rxd8 {[%emt 0:02:53]} 15. Nc4 {[%emt 0:01:12]} Re8 {[%emt 0:00:40]} 16. Be3 {[%emt 0:01:23]} Bxe3 {[%emt 0:00:51]} 17. Nxe3 {[%emt 0:02:09]} Be6 {[%emt 0:02:31]} 18. Rad1 {[%emt 0:05:12]} Rad8 {[%emt 0:00:19]} 19. b3 {[%emt 0:00:33]} Kf8 {[%emt 0:01:12]} 20. c4 {[%emt 0:04:50]} Nd4 21. Nxd4 {[%emt 0:06:12]} Rxd4 {[%emt 0:06:38]} 22. Nd5 {[%emt 0:02:48]} Bxd5 {[%emt 0:04:12]} 23. exd5 {[%emt 0:00:44]} Rxd1 {[%emt 0:01:57]} 24. Rxd1 {[%emt 0:01:25]} Ke7 {[%emt 0:00:35]} 25. b4 {[%emt 0:08:33]} b6 {[%emt 0:09:28]} 26. Ba4 {[%emt 0:04:00]} Rd8 {[%emt 0:01:25]} 27. Bc6 {[%emt 0:00:47]} Kd6 {[%emt 0:03:21]} 28. Kf1 {[%emt 0:07:29]} Ne4 {[%emt 0:02:10]} 29. f3 {[%emt 0:02:02]} Ng3+ {[%emt 0:03:19]} 30. Ke1 {[%emt 0:03:49]} Nf5 {[%emt 0:01:31]} 31. Kd2 {[%emt 0:01:43]} Rb8 {[%emt 0:03:45]} 32. a4 {[%emt 0:02:06]} Nd4 {[%emt 0:00:45]} 33. b5 {[%emt 0:03:03]} a5 {[%emt 0:01:01]} 34. Kc3 {[%emt 0:01:07]} Nf5 {[%emt 0:01:19]} 35. Re1 {[%emt 0:01:24]} Nh4 {[%emt 0:01:08]} 36. Re2 {[%emt 0:00:33]} Rf8 {[%emt 0:01:51]} 37. Rf2 {[%emt 0:00:56]} f5 {[%emt 0:01:45]} 38. f4 {[%emt 0:01:46]} e4 {[%emt 0:09:02]} 39. Kd4 {[%emt 0:01:23]} Ng6 {[%emt 0:01:02]} 40. g4 {[%emt 0:00:00]} fxg4 {[%emt 0:00:00]} 41. hxg4 {[%emt 0:02:16]} Nxf4 {[%emt 0:07:41]} 42. Kxe4 {[%emt 0:01:42]} g5 {[%emt 0:00:30]} 43. Rh2 {[%emt 0:05:02]} Rh8 {[%emt 0:01:40]} 44. Kf5 {[%emt 0:10:54]} Rf8+ {[%emt 0:08:02]} 45. Ke4 {[%emt 0:00:25]} Rh8 {[%emt 0:00:04]} 46. Kf5 {[%emt 0:00:05]} Kc5 47. Kf6 {[%emt 0:00:08]} Kxc4 {[%emt 0:04:12]} 48. Kg7 {[%emt 0:00:06]} Rd8 {[%emt 0:00:10]} 49. Rxh6 {[%emt 0:00:52]} Kb4 {[%emt 0:07:08]} 50. Kf6 {[%emt 0:00:41]} Kxa4 {[%emt 0:02:05]} 51. Kxg5 {[%emt 0:00:10]} Nxd5 52. Kh5 {[%emt 0:02:52]} Kb4 {[%emt 0:02:06]} 53. g5 {[%emt 0:00:32]} a4 {[%emt 0:01:22]} 54. g6 {[%emt 0:03:51]} Nf4+ {[%emt 0:04:05]} 55. Kg4 {[%emt 0:01:38]} Nxg6 {[%emt 0:01:14]} 56. Rxg6 {[%emt 0:00:30]} a3 {[%emt 0:00:06]} 57. Rh6 {[%emt 0:01:04]} a2 {[%emt 0:00:36]} 58. Rh1 {[%emt 0:00:04]} Kb3 {[%emt 0:00:13]} 59. Kf5 {[%emt 0:01:52]} Rd2 {[%emt 0:01:16]} 60. Ra1 {[%emt 0:00:47]} Kb2 {[%emt 0:00:25]} 61. Rxa2+ {[%emt 0:00:02]} Kxa2 {[%emt 0:00:14]} 62. Ke6 {[%emt 0:00:18]} Kb3 {[%emt 0:00:22]} 63. Ke7 {[%emt 0:00:43]} Kb4 {[%emt 0:00:19]} 64. Ke6 {[%emt 0:00:17]} Kc5 {[%emt 0:00:26]} 65. Ke7 {[%emt 0:01:06]} Rb2 {[%emt 0:00:19]} 66. Kd7 {[%emt 0:00:50]} Rxb5 {[%emt 0:00:06]} 67. Kxc7 {[%emt 0:00:33]} Rb2 {[%emt 0:00:05]} 68. Kd7 {[%emt 0:00:35]} b5 {[%emt 0:00:05]} 69. Be4 {[%emt 0:00:14]} Rd2+ {[%emt 0:00:11]} 70. Kc7 {[%emt 0:00:22]} b4 {[%emt 0:00:05]} 71. Bh7 {[%emt 0:00:16]} b3 {[%emt 0:00:07]} 72. Bg6 {[%emt 0:00:02]} b2 {[%emt 0:00:03]} 73. Bf5 {[%emt 0:00:13]} Kc4 {[%emt 0:00:06]} 74. Kc6 {[%emt 0:00:21]} Kc3 {[%emt 0:00:06]} 75. Kc5 {[%emt 0:00:14]} Rc2 {[%emt 0:00:06]} 76. Kd5 {[%emt 0:00:33]} b1=Q 77. Bxc2 {[%emt 0:00:14]} Qxc2 {[%emt 0:00:16]} 78. Ke5 {[%emt 0:00:07]} Qg6 {[%emt 0:00:05]} 79. Kd5 {[%emt 0:00:11]} Kb4 {[%emt 0:00:15]} 80. Ke5 {[%emt 0:00:17]} Kc5 {[%emt 0:00:04]} 81. Kf4 {[%emt 0:00:17]} Kd4 {[%emt 0:00:08]} 82. Kf3 {[%emt 0:00:08]} Ke5 {[%emt 0:00:16]} 83. Ke3 {[%emt 0:00:08]} Qg3+ {[%emt 0:00:22]} 84. Ke2 {[%emt 0:00:36]} Kd4 {[%emt 0:00:14]} 85. Kd2 {[%emt 0:00:10]} Qf2+ {[%emt 0:00:03]} 86. Kc1 {[%emt 0:00:08]} Kc3 {[%emt 0:00:06]} 87. Kd1 {[%emt 0:00:06]} Qf1# {[%emt 0:00:07]} 0-1

[Event "IIFL Wealth  4th Mumbai Junior U-13"]
[Site "Mumbai"]
[Date "2019.01.06"]
[Round "8"]
[White "Ananya Parikh"]
[Black "Saukhya Savant"]
[Result "1-0"]
[WhiteElo "1235"]
[BlackElo "1122"]
[Annotator "NA"]
[PlyCount "45"]
[EventDate "2018.12.30"]
[EventType "swiss"]
[EventCountry "IND"]
[SourceTitle "playchess.com"]
[Source "ChessBase"]
[SourceQuality "1"]
[TimeControl "40/5400+30:1800+30"]

1. e4 {[%emt 0:00:00]} e6 {[%emt 0:00:00]} 2. d4 {[%emt 0:00:17]} d5 {[%emt 0:00:00]} 3. Nc3 {[%emt 0:00:35]} dxe4 {[%emt 0:00:16]} 4. Nxe4 {[%emt 0:00:50]} Nd7 {[%emt 0:00:50]} 5. Nf3 {[%emt 0:01:06]} Ngf6 {[%emt 0:00:50]} 6. Bg5 {[%emt 0:01:08]} Be7 {[%emt 0:01:49]} 7. Nxf6+ {[%emt 0:07:43]} Nxf6 {[%emt 0:01:21]} 8. c3 {[%emt 0:06:02]} h6 {[%emt 0:06:43]} 9. Be3 {[%emt 0:06:28]} O-O {[%emt 0:03:28]} 10. Bd3 {[%emt 0:05:56]} b6 {[%emt 0:06:29]} 11. Ne5 {[%emt 0:06:38]} Bb7 {[%emt 0:05:06]} 12. O-O {[%emt 0:05:57]} Rc8 {[%emt 0:02:50]} 13. Ng4 {[%emt 0:09:29]} Kh8 {[%emt 0:07:44]} 14. Nxf6 {[%emt 0:05:02]} Bxf6 {[%emt 0:00:28]} 15. Qh5 {[%emt 0:03:02]} Qd5 {[%emt 0:01:28]} 16. Qh3 {[%emt 0:03:50]} Rg8 {[%emt 0:06:10]} 17. c4 {[%emt 0:08:06]} Qc6 {[%emt 0:08:44]} 18. d5 {[%emt 0:07:47]} exd5 {[%emt 0:01:08]} 19. Bxh6 {[%emt 0:02:22]} Bh4 {[%emt 0:01:33]} 20. Bg5 {[%emt 0:04:46]} Rge8 {[%emt 0:07:50]} 21. Qxh4+ {[%emt 0:00:16]} Kg8 {[%emt 0:00:20]} 22. Qh7+ {[%emt 0:00:06]} Kf8 {[%emt 0:00:05]} 23. Qh8# {[%emt 0:00:04]} 1-0

[Event "IIFL Wealth  4th Mumbai Junior U-13"]
[Site "Mumbai"]
[Date "2019.01.06"]
[Round "8"]
[White "Dawda Vihaan"]
[Black "Arushi Srichandan"]
[Result "0-1"]
[WhiteElo "1212"]
[BlackElo "1100"]
[Annotator "NA"]
[PlyCount "112"]
[EventDate "2018.12.30"]
[EventType "swiss"]
[EventCountry "IND"]
[SourceTitle "playchess.com"]
[Source "ChessBase"]
[SourceQuality "1"]
[TimeControl "40/5400+30:1800+30"]

1. e4 {[%emt 0:00:00]} d6 {[%emt 0:00:00]} 2. d4 {[%emt 0:00:01]} Nf6 {[%emt 0:00:10]} 3. Nc3 {[%emt 0:00:50]} g6 {[%emt 0:00:12]} 4. f4 {[%emt 0:00:38]} Bg7 {[%emt 0:00:20]} 5. Nf3 {[%emt 0:01:03]} Nc6 {[%emt 0:01:47]} 6. h3 {[%emt 0:01:33]} a6 {[%emt 0:03:33]} 7. a4 {[%emt 0:01:43]} e5 {[%emt 0:14:25]} 8. d5 {[%emt 0:03:40]} Ne7 {[%emt 0:06:32]} 9. fxe5 {[%emt 0:01:53]} dxe5 {[%emt 0:00:46]} 10. Bd3 {[%emt 0:00:15]} c6 {[%emt 0:02:14]} 11. dxc6 {[%emt 0:02:47]} Nxc6 {[%emt 0:00:09]} 12. O-O {[%emt 0:00:18]} O-O {[%emt 0:02:50]} 13. Be3 {[%emt 0:01:16]} Be6 {[%emt 0:06:49]} 14. Qe2 {[%emt 0:04:44]} Nd4 {[%emt 0:04:29]} 15. Qf2 {[%emt 0:02:18]} Nxf3+ {[%emt 0:02:26]} 16. Qxf3 {[%emt 0:00:08]} Nd7 {[%emt 0:03:18]} 17. Rad1 {[%emt 0:01:47]} Qe7 {[%emt 0:00:19]} 18. Nd5 {[%emt 0:01:37]} Bxd5 {[%emt 0:01:12]} 19. exd5 {[%emt 0:00:10]} e4 {[%emt 0:03:53]} 20. Bxe4 {[%emt 0:00:50]} Rae8 {[%emt 0:00:29]} 21. Qg4 {[%emt 0:01:36]} Qxe4 {[%emt 0:00:40]} 22. Qxd7 {[%emt 0:00:55]} Qxe3+ {[%emt 0:00:23]} 23. Kh1 {[%emt 0:00:06]} Qe7 {[%emt 0:00:15]} 24. Qg4 {[%emt 0:00:11]} f5 {[%emt 0:01:22]} 25. Qc4 {[%emt 0:00:10]} Qd6 {[%emt 0:00:50]} 26. Qb3 {[%emt 0:00:19]} b6 {[%emt 0:01:40]} 27. Rfe1 {[%emt 0:00:48]} Re5 {[%emt 0:03:14]} 28. c4 {[%emt 0:02:23]} Rfe8 {[%emt 0:01:27]} 29. Rxe5 {[%emt 0:00:09]} Rxe5 {[%emt 0:01:05]} 30. Qg3 {[%emt 0:01:31]} Bf8 {[%emt 0:02:04]} 31. Qd3 {[%emt 0:02:10]} Bg7 {[%emt 0:02:30]} 32. Qg3 {[%emt 0:00:20]} Kf7 {[%emt 0:00:53]} 33. Qd3 {[%emt 0:02:03]} Re4 {[%emt 0:00:58]} 34. Qb3 {[%emt 0:02:11]} Qe7 {[%emt 0:03:47]} 35. Qg3 {[%emt 0:05:22]} Qe5 {[%emt 0:01:09]} 36. Qxe5 {[%emt 0:09:16]} Bxe5 {[%emt 0:00:25]} 37. b3 {[%emt 0:00:08]} Re3 {[%emt 0:00:23]} 38. b4 {[%emt 0:00:54]} Bd6 {[%emt 0:00:05]} 39. a5 {[%emt 0:00:21]} bxa5 {[%emt 0:00:07]} 40. c5 {[%emt 0:00:00]} axb4 {[%emt 0:00:00]} 41. cxd6 {[%emt 0:00:25]} Ke8 {[%emt 0:02:30]} 42. Rc1 {[%emt 0:00:26]} Rc3 {[%emt 0:00:43]} 43. Ra1 {[%emt 0:00:10]} b3 {[%emt 0:00:22]} 44. Kh2 {[%emt 0:00:28]} b2 {[%emt 0:00:38]} 45. Rb1 {[%emt 0:00:05]} Rb3 {[%emt 0:00:04]} 46. Kg1 {[%emt 0:00:10]} a5 {[%emt 0:00:09]} 47. Kf2 {[%emt 0:00:06]} a4 {[%emt 0:00:04]} 48. Ke2 {[%emt 0:00:04]} a3 {[%emt 0:00:03]} 49. Kd2 {[%emt 0:00:04]} a2 {[%emt 0:00:05]} 50. Rxb2 {[%emt 0:00:02]} Rxb2+ {[%emt 0:00:05]} 51. Kc3 a1=Q {[%emt 0:00:12]} 52. d7+ {[%emt 0:00:04]} Kxd7 {[%emt 0:00:20]} 53. Kd3 {[%emt 0:00:02]} Qc1 {[%emt 0:00:55]} 54. d6 Rd2+ 55. Ke3 {[%emt 0:01:19]} Qe1+ {[%emt 0:00:36]} 56. Kf3 {[%emt 0:00:03]} Qf2# {[%emt 0:00:13]} 0-1

[Event "IIFL Wealth  4th Mumbai Junior U-13"]
[Site "Mumbai"]
[Date "2019.01.06"]
[Round "8"]
[White "Vasudeva Varun"]
[Black "Sapre Vedang"]
[Result "1/2-1/2"]
[WhiteElo "1209"]
[BlackElo "1049"]
[Annotator "NA"]
[PlyCount "85"]
[EventDate "2018.12.30"]
[EventType "swiss"]
[EventCountry "IND"]
[SourceTitle "playchess.com"]
[Source "ChessBase"]
[SourceQuality "1"]
[TimeControl "40/5400+30:1800+30"]

1. e4 {[%emt 0:00:00]} e5 {[%emt 0:00:00]} 2. Nf3 {[%emt 0:00:00]} Nc6 {[%emt 0:00:00]} 3. Bc4 {[%emt 0:00:00]} Bc5 {[%emt 0:00:29]} 4. c3 {[%emt 0:00:00]} Nf6 {[%emt 0:00:31]} 5. d3 {[%emt 0:00:07]} d6 {[%emt 0:00:25]} 6. Bb3 {[%emt 0:00:07]} h6 {[%emt 0:00:27]} 7. O-O {[%emt 0:00:38]} O-O {[%emt 0:00:29]} 8. Nbd2 {[%emt 0:00:32]} a6 {[%emt 0:00:39]} 9. h3 {[%emt 0:00:34]} Ba7 {[%emt 0:00:34]} 10. Re1 {[%emt 0:00:10]} Re8 {[%emt 0:00:56]} 11. Nf1 {[%emt 0:00:28]} Be6 {[%emt 0:01:02]} 12. Bc2 {[%emt 0:00:09]} d5 {[%emt 0:00:37]} 13. Qe2 {[%emt 0:02:13]} dxe4 {[%emt 0:01:48]} 14. dxe4 {[%emt 0:00:09]} Qe7 {[%emt 0:00:39]} 15. Be3 {[%emt 0:00:47]} Bxe3 {[%emt 0:01:29]} 16. Nxe3 {[%emt 0:01:31]} Rad8 {[%emt 0:01:09]} 17. Rad1 {[%emt 0:01:49]} Rxd1 {[%emt 0:01:22]} 18. Rxd1 {[%emt 0:00:21]} Rd8 {[%emt 0:04:10]} 19. Rxd8+ {[%emt 0:00:50]} Qxd8 {[%emt 0:07:57]} 20. Nc4 {[%emt 0:00:24]} Bxc4 {[%emt 0:02:24]} 21. Qxc4 {[%emt 0:00:03]} Qe7 {[%emt 0:01:00]} 22. b4 {[%emt 0:02:33]} Nd7 {[%emt 0:02:11]} 23. a4 {[%emt 0:01:42]} Nb6 {[%emt 0:01:02]} 24. Qd3 {[%emt 0:00:46]} Qd6 {[%emt 0:00:24]} 25. b5 {[%emt 0:01:38]} axb5 {[%emt 0:01:42]} 26. Qxd6 {[%emt 0:02:14]} cxd6 {[%emt 0:00:22]} 27. axb5 {[%emt 0:00:09]} Na7 {[%emt 0:00:23]} 28. Bd3 {[%emt 0:00:23]} Na4 {[%emt 0:00:15]} 29. c4 {[%emt 0:00:18]} Nc5 {[%emt 0:00:09]} 30. Bc2 {[%emt 0:00:40]} Kf8 {[%emt 0:00:58]} 31. Kf1 {[%emt 0:00:35]} Nc8 {[%emt 0:01:15]} 32. Ke1 {[%emt 0:00:34]} Nb6 {[%emt 0:00:10]} 33. Nd2 {[%emt 0:00:19]} Ke7 {[%emt 0:00:35]} 34. Kd1 {[%emt 0:00:48]} Kf6 {[%emt 0:00:43]} 35. Kc1 {[%emt 0:00:30]} Kg5 {[%emt 0:00:33]} 36. g3 {[%emt 0:01:54]} h5 {[%emt 0:00:22]} 37. Bb1 {[%emt 0:02:06]} Nbd7 {[%emt 0:01:06]} 38. Nf3+ {[%emt 0:02:07]} Kf6 {[%emt 0:00:12]} 39. Kb2 {[%emt 0:01:09]} b6 {[%emt 0:00:48]} 40. Nh4 {[%emt 0:00:00]} g6 {[%emt 0:00:00]} 41. f4 {[%emt 0:01:17]} Ne6 {[%emt 0:03:00]} 42. Ng2 {[%emt 0:02:03]} exf4 {[%emt 0:00:40]} 43. gxf4 {[%emt 0:01:12] Ke5} 1/2-1/2

[Event "IIFL Wealth  4th Mumbai Junior U-13"]
[Site "Mumbai"]
[Date "2019.01.06"]
[Round "8"]
[White "Medhansh Rathi"]
[Black "Avaneesh Handur"]
[Result "1-0"]
[WhiteElo "1194"]
[BlackElo "1071"]
[Annotator "NA"]
[PlyCount "159"]
[EventDate "2018.12.30"]
[EventType "swiss"]
[EventCountry "IND"]
[SourceTitle "playchess.com"]
[Source "ChessBase"]
[SourceQuality "1"]
[TimeControl "40/5400+30:1800+30"]

1. e4 {[%emt 0:01:19]} e5 {[%emt 0:00:00]} 2. Nf3 {[%emt 0:00:07]} Nc6 {[%emt 0:00:00]} 3. Bc4 {[%emt 0:00:13]} Bc5 {[%emt 0:00:02]} 4. c3 {[%emt 0:00:29]} Nf6 {[%emt 0:00:13]} 5. d3 {[%emt 0:00:42]} O-O {[%emt 0:00:57]} 6. Nbd2 {[%emt 0:00:58]} d6 {[%emt 0:00:29]} 7. O-O {[%emt 0:02:37]} Be6 {[%emt 0:01:44]} 8. Bb3 {[%emt 0:05:00]} Qd7 {[%emt 0:04:50]} 9. Bc2 {[%emt 0:05:19]} d5 {[%emt 0:06:33]} 10. exd5 {[%emt 0:00:23]} Nxd5 {[%emt 0:00:32]} 11. Ne4 {[%emt 0:00:16]} Be7 {[%emt 0:00:49]} 12. Ng3 {[%emt 0:12:32]} Rad8 {[%emt 0:07:54]} 13. Re1 {[%emt 0:08:13]} f6 {[%emt 0:00:48]} 14. Qe2 {[%emt 0:09:42]} Kh8 {[%emt 0:12:34]} 15. h3 {[%emt 0:01:32]} Rfe8 {[%emt 0:04:10]} 16. d4 {[%emt 0:11:58]} Bd6 {[%emt 0:04:54]} 17. Qd3 {[%emt 0:00:23]} Bg8 {[%emt 0:00:49]} 18. dxe5 {[%emt 0:00:39]} Nxe5 {[%emt 0:01:07]} 19. Nxe5 {[%emt 0:00:21]} Bxe5 {[%emt 0:00:33]} 20. c4 {[%emt 0:01:34]} Nb6 {[%emt 0:04:04]} 21. Qxd7 {[%emt 0:00:40]} Nxd7 {[%emt 0:00:31]} 22. Bb3 {[%emt 0:00:42]} Bxg3 {[%emt 0:00:51]} 23. Rxe8 {[%emt 0:00:16]} Bxf2+ {[%emt 0:00:31]} 24. Kxf2 {[%emt 0:00:06]} Rxe8 {[%emt 0:00:17]} 25. Be3 {[%emt 0:00:31]} a6 {[%emt 0:02:21]} 26. Bf4 {[%emt 0:03:53]} c6 {[%emt 0:05:37]} 27. Rd1 Nc5 {[%emt 0:04:41]} 28. Kf3 {[%emt 0:06:22]} Be6 {[%emt 0:06:16]} 29. Be3 {[%emt 0:09:38]} Nd7 {[%emt 0:00:46]} 30. Bf4 {[%emt 0:02:26]} g5 {[%emt 0:01:50]} 31. Bh2 {[%emt 0:01:23]} Kg7 {[%emt 0:02:10]} 32. Rd6 {[%emt 0:04:04]} Kf8 {[%emt 0:06:25]} 33. g4 {[%emt 0:05:39]} Ke7 {[%emt 0:02:36]} 34. Rd2 {[%emt 0:00:40]} Rd8 {[%emt 0:01:20]} 35. Bd6+ {[%emt 0:01:30]} Kf7 {[%emt 0:00:58]} 36. Ke3 {[%emt 0:00:51]} Nb6 {[%emt 0:01:18]} 37. c5 {[%emt 0:00:38]} Bxb3 {[%emt 0:01:16]} 38. axb3 {[%emt 0:00:11]} Nc8 {[%emt 0:01:11]} 39. Bc7 {[%emt 0:02:45]} Rxd2 {[%emt 0:00:22]} 40. Kxd2 {[%emt 0:00:00]} Ne7 {[%emt 0:00:00]} 41. Kd3 {[%emt 0:00:58]} Nd5 {[%emt 0:01:45]} 42. Bd6 {[%emt 0:00:18]} Kg6 {[%emt 0:00:55]} 43. Ke4 {[%emt 0:00:15]} h5 {[%emt 0:01:53]} 44. Bg3 {[%emt 0:00:50]} hxg4 {[%emt 0:01:24]} 45. hxg4 {[%emt 0:33:37]} Nb4 {[%emt 0:01:31]} 46. Be1 {[%emt 0:00:00]} Nd5 {[%emt 0:00:54]} 47. Bd2 {[%emt 0:00:00]} Ne7 {[%emt 0:00:30]} 48. Be1 {[%emt 0:00:00]} f5+ {[%emt 0:00:56]} 49. gxf5+ {[%emt 0:00:00]} Nxf5 {[%emt 0:00:13]} 50. Ke5 {[%emt 0:00:00]} Ne7 {[%emt 0:00:47]} 51. Kd6 {[%emt 0:00:00]} Nd5 {[%emt 0:04:23]} 52. Kd7 {[%emt 0:00:00]} g4 {[%emt 0:00:11]} 53. Kc8 {[%emt 0:00:00]} Kf5 {[%emt 0:01:49]} 54. Kxb7 {[%emt 0:00:00]} Kf4 {[%emt 0:00:51]} 55. Kxc6 {[%emt 0:00:00]} Ne3 {[%emt 0:00:11]} 56. Kb6 {[%emt 0:00:00]} Kf3 {[%emt 0:00:44]} 57. c6 {[%emt 0:00:00]} Ng2 {[%emt 0:00:40]} 58. c7 {[%emt 0:00:00]} Nxe1 {[%emt 0:00:18]} 59. c8=Q g3 {[%emt 0:01:03]} 60. Qc3+ {[%emt 0:00:00]} Kf2 {[%emt 0:00:47]} 61. Qd2+ {[%emt 0:00:00]} Kf1 {[%emt 0:01:50]} 62. Qf4+ {[%emt 0:00:00]} Kg2 {[%emt 0:00:29]} 63. Kxa6 {[%emt 0:00:00]} Nf3 {[%emt 0:00:32]} 64. b4 {[%emt 0:00:00]} Kf2 {[%emt 0:00:21]} 65. Qc7 {[%emt 0:00:00]} g2 {[%emt 0:00:47]} 66. Qc5+ {[%emt 0:00:00]} Kg3 {[%emt 0:00:25]} 67. b5 {[%emt 0:00:00]} Ne5 {[%emt 0:01:29]} 68. Qxe5+ {[%emt 0:00:00]} Kf2 {[%emt 0:00:17]} 69. Qd4+ {[%emt 0:00:00]} Kf1 {[%emt 0:00:21]} 70. b6 {[%emt 0:00:00]} g1=Q {[%emt 0:00:18]} 71. Qxg1+ {[%emt 0:00:00]} Kxg1 {[%emt 0:00:25]} 72. b7 {[%emt 0:00:00]} Kf2 {[%emt 0:00:20]} 73. b8=Q {[%emt 0:00:00]} Kf3 {[%emt 0:00:21]} 74. b4 {[%emt 0:00:00]} Ke4 {[%emt 0:00:19]} 75. b5 {[%emt 0:00:00]} Kd5 {[%emt 0:00:14]} 76. b6 {[%emt 0:00:00]} Kc6 {[%emt 0:00:21]} 77. b7 {[%emt 0:00:00]} Kc5 {[%emt 0:01:58]} 78. Qc7+ {[%emt 0:00:00]} Kb4 {[%emt 0:00:10]} 79. b8=Q+ {[%emt 0:00:00]} Ka4 {[%emt 0:00:12]} 80. Qa5# {[%emt 0:00:00]} 1-0